00381nam a22001337a 450000500170000000800410001704100230005808200130008110000230009424500450011726000370016230000230019965000250022220240910090802.0240828b |||||||| |||| 00| 0 eng d aEnglish/Afrikaans  a349 LAW  lEnglish/Afrikaans  aThe Laws of the Republic of Namibia 1995 aWindhoek: bBy Authority, c1995 b19 pages; c30 cm. aLegal practice bLaw